000 01535cam a2200469 a 4500
001 22769
003 SK-KTurca
005 20260423125527.0
008 140403s2013 xo ac j n 000 j slo d
020 _a9788081141577 (viaz.)
035 _aa000501473
040 _aPOKPOH
_bslo
_cUKB
_dSVKBB
_eAACR2
041 1 _aslo
_hger
043 _ae-xo---
044 _axo
_cSK
072 7 _a821.162.4-3
_xSlovenská próza
_2konspekt
072 7 _a821-93
_xLiteratúra pre deti a mládež (beletria)
_2konspekt
080 _a821.162.4-34
_22001
080 _a821-93
_22001
080 _a(437.6)
_22001
080 _a(0:82-34)
_22001
100 1 _aGrosz, Alfréd,
_d1885-1973
240 1 0 _aSagen aus der Hohen Tatra.
_lSlovensky
245 1 0 _aPovesti spod Tatier
_cAlfréd Grosz ; [z nemeckého originálu preložila Marta Ličková ; ilustrácie Stanislav Lajda ; predslov Ladislaus Guzsak]
250 _a1. vyd.
260 _aBratislava
_bMarenčin PT
_c2013
300 _a180 s.
_bil., portr.
500 _aPortrét
504 _aBibliogr. odkazy
651 7 _aVysoké Tatry (Poľsko a Slovensko : pohorie)
_2UKBPH
653 _a821.162.4-34
653 _a821-93
653 _a(437.6)
653 _a(0:82-34)
655 7 _aslovenské povesti
_2UKBPH
655 7 _apublikácie pre mládež
_2UKBPH
700 1 _aLičková, Marta,
_d1926-2020
_4trl
700 1 _aLajda, Stanislav,
_d1959-
_4ill
700 1 _aGuzsak, Ladislaus
_4aui
942 _2ddc
_cKLDE
_n0
999 _c22769
_d22769